Southville International School and Colleges
Your cart is empty.
  • Cart
  • Lists
    Public lists Eva Luna New books Lux_list list_1
    Your lists Log in to create your own lists
  • Log in to your account
  • Your cookies
  • Search history
Southville International School and Colleges
  • Advanced search
  • Recent comments
  • Most popular
  • Libraries

Log in to your account

Log in with GOOGLE


If you do not have an external account, but do have a local account, you can still log in:

  1. Home
  2. MARC view: Oral interpretation in the secondary school /
Normal view MARC view ISBD view

Oral interpretation in the secondary school / (Record no. 6841)

[ view plain ]
MARC details
000 -LEADER
fixed length control field 00905nam a2200289 4500
001 - CONTROL NUMBER
control field 4552684
003 - CONTROL NUMBER IDENTIFIER
control field OSt
005 - DATE AND TIME OF LATEST TRANSACTION
control field 20140310181918.0
008 - FIXED-LENGTH DATA ELEMENTS--GENERAL INFORMATION
fixed length control field 730727s1972 ilu b 000 0 eng
010 ## - LIBRARY OF CONGRESS CONTROL NUMBER
LC control number 72086312
040 ## - CATALOGING SOURCE
Original cataloging agency DLC
Transcribing agency DLC
Modifying agency DLC
050 00 - LIBRARY OF CONGRESS CALL NUMBER
Classification number PN 4077
Item number .Or63 1972
082 00 - DEWEY DECIMAL CLASSIFICATION NUMBER
Classification number TR 372.62
Item number Or1 1972
245 00 - TITLE STATEMENT
Title Oral interpretation in the secondary school /
260 ## - PUBLICATION, DISTRIBUTION, ETC. (IMPRINT)
Place of publication, distribution, etc Skokie, Ill. :
Name of publisher, distributor, etc National Textbook Co.,
Date of publication, distribution, etc c1972.
300 ## - PHYSICAL DESCRIPTION
Extent 27 p. :
Dimensions 23 cm.
490 1# - SERIES STATEMENT
Series statement The Michigan Speech Association curriculum guide series, 7
500 ## - GENERAL NOTE
General note Includes bibliographies.
521 ## - TARGET AUDIENCE NOTE
Target audience note
541 ## - IMMEDIATE SOURCE OF ACQUISITION NOTE
-- 1
562 ## - COPY AND VERSION IDENTIFICATION NOTE
Number of copies 1
650 #0 - SUBJECT ADDED ENTRY--TOPICAL TERM
Topical term or geographic name as entry element Oral interpretation
General subdivision Study and teaching.
9 (RLIN) 1222
650 #0 - SUBJECT ADDED ENTRY--TOPICAL TERM
Topical term or geographic name as entry element Speech
9 (RLIN) 1223
810 2# - SERIES ADDED ENTRY--CORPORATE NAME
Corporate name or jurisdiction name as entry element Michigan Speech Association.
Title of a work Curriculum guide series,
Volume/sequential designation 7.
9 (RLIN) 1224
906 ## - LOCAL DATA ELEMENT F, LDF (RLIN)
a 7
b cbc
c orignew
d 2
e opcn
f 19
g y-gencatlg
942 ## - ADDED ENTRY ELEMENTS (KOHA)
Source of classification or shelving scheme Library of Congress Classification
Koha item type
Call number prefix
Holdings
Withdrawn status Lost status Source of classification or shelving scheme Damaged status Home library Current library Shelving location Date acquired Total Checkouts Full call number Barcode Date last seen Copy number Price effective from Koha item type
    Library of Congress Classification   Luxembourg Library Luxembourg Library Teachers Reference Section 07/17/2013   PN 4077 .Or63 1972 7324 08/13/2013 1 07/17/2013 Books

Oral interpretation in the secondary school /

APA

(1972). Oral interpretation in the secondary school. Skokie, Ill: National Textbook Co.

Chicago

1972. Oral interpretation in the secondary school. Skokie, Ill: National Textbook Co.

Harvard

(1972). Oral interpretation in the secondary school. Skokie, Ill: National Textbook Co.

MLA

Oral interpretation in the secondary school. Skokie, Ill: National Textbook Co. 1972.

  • Place hold
  • Print
  • Cite
  • Add to your cart (remove)
  • Save record
    BIBTEX Dublin Core MARCXML MARC (non-Unicode/MARC-8) MARC (Unicode/UTF-8) MARC (Unicode/UTF-8, Standard) MODS (XML) RIS
  • More searches
    Search for this title in:
    Other Libraries (WorldCat) Other Databases (Google Scholar) Online Stores (Bookfinder.com) Open Library (openlibrary.org)

Exporting to Dublin Core...

SOUTHVILLE LIBRARY

Southville International School and Colleges Library

1281 Tropical Ave. Cor. Luxembourg St., BF Homes International, Las Pinas City

Tel. No. 8256374 / 252358 Loc. 117/146

Powered by Koha